[Event "2024 North Island Championships"]
[Site "Wellington NZL"]
[Date "2024.03.30"]
[Round "3.33"]
[White "Wang, Tingyu"]
[Black "Addagada, Geetham"]
[Result "0-1"]
[WhiteElo "683"]
[BlackElo "920"]
[WhiteFideId "4325214"]
[BlackFideId "4320662"]
[PlyCount "0"]
[EventDate "2024.03.29"]
[SourceDate ""]

1. e4 d6 2. d4 Nf6 3. Nc3 g6 4. Nf3 Bg7 5. Bc4 O-O 6. O-O Bg4 7. h3 Bxf3 8.
Qxf3 Nc6 9. Rd1 e5 10. d5 Nd4 11. Qd3 Nd7 12. Ne2 Nc5 13. Qd2 Nxe4 14. Qd3 Nc5
15. Qd2 Nxe2+ 16. Bxe2 Qh4 17. Qe3 f5 18. Rf1 Qd4 19. Qxd4 exd4 20. Bh6 Bxh6
21. Rfd1 Rae8 22. Bf3 Bg7 23. b3 d3 24. Rac1 Bb2 25. cxd3 Bxc1 26. Rxc1 Nxd3
27. Rxc7 Re1+ 28. Kh2 Ne5 29. Rxb7 Nxf3+ 30. gxf3 Re2 31. Rxa7 Rxf2+ 32. Kg3
Rd2 33. a4 f4+ 34. Kh4 Rxd5 35. a5 Rb5 36. a6 Rfb8 37. Rd7 Rxb3 38. a7 Ra8 39.
Kg4 Rb6 40. Kxf4 Ra6 41. Ke4 R8xa7 42. Rd8+ Kf7 43. Kd5 Ke7 44. Rh8 Ra5+ 45.
Ke4 Rh5 46. Kf4 Rxh3 47. Kg4 Rh5 48. f4 Ra3 49. f5 Ra4+ 50. Kg3 gxf5 51. Rc8
Rg4+ 52. Kf3 Rh3+ 53. Kf2 Ra4 54. Ke1 Ra2 0-1

[Event "2024 North Island Championships"]
[Site "Wellington NZL"]
[Date "2024.03.30"]
[Round "3.36"]
[White "Zhang, Daniel"]
[Black "Addagada, Janvi"]
[Result "1-0"]
[WhiteElo "1170"]
[BlackElo "866"]
[PlyCount "93"]
[EventDate "2024.03.29"]

1. e4 d6 2. d4 Nf6 3. Nc3 g6 4. Nf3 Bg7 5. Bc4 O-O 6. O-O Bg4 7. h3 Bxf3 8.
Qxf3 Nc6 9. Re1 Nxd4 10. Qd3 Nc6 11. Bg5 Ne5 12. Qe2 Nxc4 13. Qxc4 a6 14. Rad1
b5 15. Qe2 b4 16. Nb1 a5 17. e5 Nh5 18. exd6 cxd6 19. Bxe7 Nf4 20. Qe4 Re8 21.
Bxd8 Rxe4 22. Rxe4 Rxd8 23. Rxf4 Bxb2 24. Rd5 Re8 25. Nd2 Bc1 26. Rfd4 Bxd2 27.
Rxd2 Re1+ 28. Kh2 Ra1 29. Rxa5 h5 30. Rxd6 Rc1 31. Rc6 Kg7 32. Ra4 Rb1 33. Rc4
f5 34. Rcxb4 Rxb4 35. Rxb4 Kh6 36. a4 g5 37. a5 g4 38. hxg4 hxg4 39. a6 Kg5 40.
a7 Kh4 41. a8=Q Kg5 42. Qg8+ Kf6 43. Qd5 Kg5 44. Qd8+ Kg6 45. Rb6+ Kh5 46. Qh8+
Kg5 47. Qh6# 1-0

[Event "2024 North Island Championships"]
[Site "Wellington NZL"]
[Date "2024.03.30"]
[Round "3.39"]
[White "Liang, Nancy"]
[Black "Sun, Oliver"]
[Result "0-1"]
[WhiteElo "265"]
[BlackElo "1072"]
[PlyCount "66"]
[EventDate "2024.03.29"]

1. e4 e5 2. Nf3 Nc6 3. Bb5 Bc5 4. O-O d6 5. Re1 Bg4 6. d3 h6 7. Be3 Bxe3 8.
Rxe3 a6 9. Ba4 b5 10. Bb3 Nd4 11. Nbd2 a5 12. c3 Nxf3+ 13. Nxf3 c6 14. d4 a4
15. Bc2 Qc7 16. a3 Rd8 17. dxe5 dxe5 18. Qe2 Ne7 19. Rd1 O-O 20. h3 Bh5 21. Qe1
Rxd1 22. Qxd1 Rd8 23. Rd3 Rxd3 24. Bxd3 Bxf3 25. Qxf3 Ng6 26. Qe2 Nf4 27. Qd2
Qd6 28. Kf1 Qxd3+ 29. Qxd3 Nxd3 30. Ke2 Nxb2 31. Kd2 Nc4+ 32. Kc2 Nxa3+ 33. Kb2
Nc4+ 0-1

[Event "2024 North Island Championships"]
[Site "Wellington NZL"]
[Date "2024.03.30"]
[Round "3.40"]
[White "Ravi, Vrajesh"]
[Black "Zhang, Cynthia"]
[Result "1-0"]
[WhiteElo "1054"]
[BlackElo "623"]
[PlyCount "73"]
[EventDate "2024.03.29"]

1. e4 e5 2. Nf3 Nc6 3. Bc4 h6 4. Nc3 Bc5 5. O-O Nf6 6. d3 O-O 7. Re1 Re8 8. Be3
Bb6 9. Bxb6 axb6 10. d4 exd4 11. Nxd4 d6 12. Nxc6 bxc6 13. Qf3 d5 14. exd5
Rxe1+ 15. Rxe1 cxd5 16. Nxd5 Bg4 17. Nxf6+ Qxf6 18. Qxa8+ Kh7 19. Bd3+ Bf5 20.
Bxf5+ Qxf5 21. Qe4 Qxe4 22. Rxe4 g5 23. Re7 Kg6 24. Rxc7 f6 25. Rb7 h5 26. Rxb6
g4 27. h3 Kg5 28. hxg4 hxg4 29. f3 g3 30. a4 Kh4 31. a5 f5 32. a6 f4 33. a7 Kg5
34. a8=Q Kh5 35. Qg8 Kh4 36. Rb7 Kh5 37. Rh7# 1-0

[Event "2024 North Island Championships"]
[Site "Wellington NZL"]
[Date "2024.03.30"]
[Round "4.1"]
[White "Ker, Anthony F"]
[Black "Archer, Ollie"]
[Result "1-0"]
[WhiteElo "2217"]
[BlackElo "2004"]
[WhiteFideId "4300084"]
[BlackFideId "4317262"]

1. e4 c6 2. d4 d5 3. exd5 cxd5 4. Nf3 Nf6 5. Ne5 Nc6 6. Bb5 Bd7 7. Nxd7 Qxd7 8.
c3 e6 9. O-O Bd6 10. Nd2 a6 11. Bd3 e5 12. dxe5 Nxe5 13. Nf3 Nxd3 14. Qxd3 O-O
15. Be3 b5 16. Rad1 Rfd8 17. Bg5 Be7 18. Rfe1 Qc7 19. Re5 h6 20. Bxf6 Bxf6 21.
Rxd5 Rxd5 22. Qxd5 Rd8 23. Qb3 Rxd1+ 24. Qxd1 Qc4 25. a3 a5 26. g3 b4 27. cxb4
Bxb2 28. Qd8+ Kh7 29. Qxa5 Qc1+ 30. Kg2 Bxa3 31. Qf5+ Kg8 32. b5 Qc7 33. Qd5 g6
34. Ne5 Kf8 35. b6 Ke8 1-0

[Event "2024 North Island Championships"]
[Site "Wellington NZL"]
[Date "2024.03.30"]
[Round "4.2"]
[White "Timergazi, Layla"]
[Black "Croad, Nicolas"]
[Result "0-1"]
[WhiteElo "1976"]
[BlackElo "2209"]
[WhiteFideId "4303733"]
[BlackFideId "4300793"]

1. d4 Nf6 2. c4 e6 3. Nc3 Bb4 4. g3 c5 5. Nf3 Nc6 6. Bg2 Ne4 7. Bd2 Nxd2 8.
Qxd2 Qf6 9. dxc5 Bxc3 10. bxc3 O-O 11. O-O Na5 12. h4 Nxc4 13. Qc2 Qe7 14. g4
f6 15. Nd4 Qxc5 16. Be4 h6 17. Rfd1 d5 18. Bh7+ Kh8 19. g5 fxg5 20. hxg5 Qe7
21. Nf3 Ne5 22. Rd4 Rxf3 0-1

[Event "2024 North Island Championships"]
[Site "Wellington NZL"]
[Date "2024.03.30"]
[Round "4.3"]
[White "Dive, Russell J"]
[Black "Winsley, Nicholas"]
[Result "0-1"]
[WhiteElo "2192"]
[BlackElo "1871"]
[WhiteFideId "4300106"]
[BlackFideId "4315146"]

1. Nf3 Nf6 2. g3 d5 3. Bg2 Bf5 4. O-O e6 5. c4 c6 6. b3 d4 7. d3 Bd6 8. e3 Bc5
9. b4 Bxb4 10. Nxd4 Bg6 11. Qb3 Qb6 12. Nc2 Be7 13. Rd1 Nbd7 14. Qc3 Nc5 15.
Nba3 Rd8 16. Rb1 Qc7 17. d4 e5 18. Rf1 exd4 19. exd4 Ne6 20. Re1 O-O 21. Bb2
Nd7 22. Rbd1 Bf6 23. Qb3 Nb6 24. Bc3 Rd7 25. Bh3 Ng5 26. Bg2 Bh5 27. Rd3 Bg4
28. d5 Bxc3 29. Rxc3 cxd5 30. cxd5 Qd8 31. h4 Nh3+ 32. Kf1 Nxd5 33. Rc4 Qf6 34.
f3 Be6 35. Rxe6 Qxe6 36. Re4 Qa6+ 37. Qc4 Qf6 38. Qb3 Nhf4 39. gxf4 Qxh4 40.
Qa4 Rdd8 41. f5 Qg5 42. Rg4 Qc1+ 43. Kf2 Nc3 44. Qf4 Rd2+ 0-1

[Event "2024 North Island Championships"]
[Site "Wellington NZL"]
[Date "2024.03.30"]
[Round "4.4"]
[White "Winter, Ryan"]
[Black "Wang, Justin Zhide"]
[Result "1-0"]
[WhiteElo "2037"]
[BlackElo "1825"]
[WhiteFideId "4306295"]
[BlackFideId "4312830"]

1. e4 e6 2. d4 d5 3. Nd2 Nf6 4. e5 Nfd7 5. Bd3 c5 6. c3 Nc6 7. Ne2 cxd4 8. cxd4
f6 9. exf6 Nxf6 10. Nf3 Bd6 11. Bf4 O-O 12. Bg3 Bxg3 13. hxg3 Qa5+ 14. Qd2
Qxd2+ 15. Kxd2 h6 16. Rac1 Bd7 17. Nf4 Nb4 18. Bb1 Nc6 19. Ng6 Rfe8 20. Nge5
Nxe5 21. Nxe5 Rac8 22. Bd3 Bc6 23. f3 Nd7 24. Rxc6 Rxc6 25. Nxd7 Re7 26. Ne5
Rb6 27. b3 Rd6 28. Rc1 Rd8 29. Bg6 Rf8 30. g4 Rd8 31. Ke3 a6 32. f4 a5 33. Rc5
Ra8 34. Kd2 Kf8 35. g3 Kg8 36. a4 Kf8 37. f5 Rd8 38. fxe6 Rxe6 39. Rc7 Re7 40.
Rc5 b6 41. Rc6 Rb7 42. Bd3 Kg8 43. Ke3 Rbb8 44. Be2 Rb7 45. Kd2 Kh7 46. Ba6
Rbb8 47. Rc7 Rd6 48. Bd3+ Kg8 49. Bf5 Rf8 50. Ng6 Rb8 51. Nf4 Kh8 52. Re7 Rbd8
53. Be6 Rb8 54. Nh5 b5 55. Nxg7 bxa4 56. bxa4 Rb2+ 57. Ke3 Rb1 58. Kf4 Rd8 59.
Kf5 Rf1+ 60. Kg6 Rdf8 61. Nf5 1-0

[Event "2024 North Island Championships"]
[Site "Wellington NZL"]
[Date "2024.03.30"]
[Round "4.5"]
[White "Van der Hoorn, Thomas"]
[Black "Nicholls, Leighton"]
[Result "1-0"]
[WhiteElo "1874"]
[BlackElo "1930"]
[WhiteFideId "4314565"]
[BlackFideId "4303776"]

1. e4 e6 2. d4 d5 3. Nd2 c5 4. Ngf3 Nc6 5. dxc5 Bxc5 6. Bd3 Nf6 7. O-O O-O 8.
a3 e5 9. b4 Bd4 10. Nxd4 Nxd4 11. Bb2 dxe4 12. Nxe4 Bf5 13. Bxd4 exd4 14. Nxf6+
Qxf6 15. Qf3 Bxd3 16. Qxf6 gxf6 17. cxd3 Rac8 18. Rfc1 Rfd8 19. Kf1 Kf8 20. Ke2
Ke7 21. Kd2 Kd6 22. Rxc8 Rxc8 23. Rc1 Rg8 24. g3 b5 25. Rc5 a6 26. Rh5 Rc8 27.
Rxh7 Rc3 28. Rxf7 Ke6 29. Ra7 Rxa3 30. h4 Ra2+ 31. Ke1 Ra4 32. h5 Rxb4 33. Kf1
Rb1+ 34. Kg2 Rc1 35. h6 Kf5 36. h7 Rc8 37. Rxa6 Rh8 38. Ra7 b4 39. Rd7 Ke5 40.
f4+ Ke6 41. Rxd4 Rxh7 42. Rxb4 Ra7 43. Kf3 f5 44. Rb6+ Ke7 45. Ke3 Ra4 46. Rg6
Rb4 47. Kd2 Ra4 48. Kc3 Kf7 49. Rg5 Ke6 50. d4 Ra3+ 51. Kb4 Rd3 52. Kc4 Rd1 53.
d5+ Kf6 54. Kc5 Rc1+ 55. Kd6 Ra1 56. Kc6 Rc1+ 57. Kd7 Rd1 58. d6 Rd2 59. Kc7
Rc2+ 60. Kd8 Rd2 61. d7 Rd1 62. Rg8 Ke6 63. Ke8 Rh1 64. d8=Q Rh8 65. Qd7+ 1-0

[Event "2024 North Island Championships"]
[Site "Wellington NZL"]
[Date "2024.03.30"]
[Round "4.6"]
[White "Young, Cohen"]
[Black "Malcolm, Leo"]
[Result "1-0"]
[WhiteElo "1914"]
[BlackElo "1794"]
[WhiteFideId "4317440"]
[BlackFideId "4317408"]

1. Nf3 Nc6 2. d4 d5 3. c4 e6 4. Nc3 Nf6 5. Bg5 Be7 6. e3 h6 7. Bh4 O-O 8. Rc1
Ne4 9. Bxe7 Qxe7 10. Bd3 Nxc3 11. Rxc3 dxc4 12. Rxc4 e5 13. Rxc6 bxc6 14. Nxe5
Qb4+ 15. Qd2 c5 16. d5 Rb8 17. b3 Rb6 18. Ke2 Re8 19. Nf3 Rd6 20. Rd1 Rxd5 21.
Qxb4 cxb4 22. Bh7+ Kxh7 23. Rxd5 Re6 24. Ra5 Ra6 25. Rxa6 Bxa6+ 26. Kd2 Bb5 27.
Nd4 Bd7 28. Kd3 c5 29. Nc2 Bb5+ 30. Ke4 Bc6+ 31. Ke5 Bxg2 32. Kd6 Be4 33. Ne1
Bb1 34. Kxc5 a5 35. Nf3 Bxa2 36. Nd2 a4 37. bxa4 b3 38. Nc4 Bb1 39. Kb4 Bc2 40.
a5 Bd1 41. a6 b2 42. Nxb2 Bf3 43. Nc4 f6 44. Nd6 1-0

[Event "2024 North Island Championships"]
[Site "Wellington NZL"]
[Date "2024.03.30"]
[Round "4.7"]
[White "Weng, Winston"]
[Black "Rains, Edward"]
[Result "0-1"]
[WhiteElo "1800"]
[BlackElo "2041"]
[WhiteFideId "4306414"]
[BlackFideId "4302940"]

1. e4 c5 2. Nf3 e6 3. b3 Nc6 4. Bb2 Qc7 5. d4 cxd4 6. Nxd4 Qe5 7. Be2 Bc5 8. c3
Qxe4 9. O-O Nf6 10. Bf3 Qg6 11. Nb5 O-O 12. c4 a6 13. Nd6 Rd8 14. Nc3 Bxd6 15.
Qxd6 Ne8 16. Qd2 Ne5 17. Be4 f5 18. Nd5 exd5 19. Bxd5+ Nf7 20. Qa5 b6 21. Bxf7+
Qxf7 22. Qxb6 Qg6 23. Bd4 d6 24. f3 Be6 25. Rae1 Bf7 26. f4 Nf6 27. Rf3 Re8 28.
Rd1 Ne4 29. Qb7 Qe6 30. Qc6 Bh5 0-1

[Event "2024 North Island Championships"]
[Site "Wellington NZL"]
[Date "2024.03.30"]
[Round "4.8"]
[White "Malcolm, Aidan"]
[Black "Langford, Joshua"]
[Result "1/2-1/2"]
[WhiteElo "1744"]
[BlackElo "1896"]
[WhiteFideId "4315073"]
[BlackFideId "4314557"]

1. e4 d5 2. exd5 Qxd5 3. Nf3 Bg4 4. Be2 Nc6 5. O-O O-O-O 6. h3 Bh5 7. Nc3 Qd7
8. b4 Nxb4 9. Rb1 e6 10. d3 Nf6 11. Be3 Nbd5 12. Nxd5 Nxd5 13. Qd2 Qa4 14. c4
Bb4 15. Qb2 Nc3 16. Bd1 Nxd1 17. Rfxd1 Bxf3 18. gxf3 a5 19. d4 Qc6 20. a3 Be7
21. Qc3 b6 22. c5 Rd5 23. Qb3 b5 24. Qxb5 Qxb5 25. Rxb5 Rhd8 26. Rd2 e5 27.
Rxa5 exd4 28. Ra8+ Kb7 29. Rxd8 Rxd8 30. Rxd4 Rxd4 31. Bxd4 g6 32. Kf1 Kc6 33.
Ke2 Bxc5 34. Bxc5 Kxc5 35. Kd3 Kb5 36. Kd4 f5 37. h4 Ka4 38. Kc5 Kxa3 39. Kc6
Kb3 40. Kxc7 Kc3 41. Kd6 Kd3 42. Ke5 Ke2 43. Kf6 Kxf3 44. Kg7 Kg4 45. Kxh7 Kxh4
46. Kxg6 Kg4 47. f3+ Kf4 48. Kf6 Kxf3 49. Kxf5 1/2-1/2

[Event "2024 North Island Championships"]
[Site "Wellington NZL"]
[Date "2024.03.30"]
[Round "4.11"]
[White "Benitez, Edgar"]
[Black "Brockway, Andrew"]
[Result "1/2-1/2"]
[WhiteElo "1855"]
[BlackElo "1698"]

1. d4 Nf6 2. Bf4 e6 3. Nf3 d5 4. e3 c5 5. c3 Be7 6. Bd3 O-O 7. Nbd2 Nc6 8. O-O
b6 9. Bb5 Bb7 10. Bxc6 Bxc6 11. Ne5 Bb7 12. Bg3 Ne4 13. Ndf3 f6 14. Nd3 Rc8 15.
Re1 Nxg3 16. hxg3 Bd6 17. Rc1 Qe7 18. Nf4 Qf7 19. a3 Rfe8 20. Nh2 f5 21. Nf3 h6
22. Nd3 g5 23. Nfe5 Qg7 24. Qh5 c4 25. Nb4 Bxe5 26. dxe5 a5 27. Nc2 Kh7 28. Nd4
Qxe5 29. f4 Qf6 30. Nf3 Qg6 31. Qh2 Kg7 32. Ne5 Qf6 33. Kf2 Rh8 34. Qh5 Bc6 35.
Rh1 Be8 36. Qd1 Qe7 37. Qd4 Qc5 38. fxg5 hxg5 39. Rxh8 Qxd4 40. exd4 Kxh8 41.
Rh1+ Kg7 42. g4 fxg4 43. Kg3 Bg6 44. Kxg4 Rf8 45. Nf3 Be4 46. Nxg5 Bf5+ 47. Kf4
Kg6 48. Nf3 Be4+ 49. Ke3 Bxf3 50. gxf3 Kf6 51. Rh6+ Ke7 52. Rh7+ Kd6 53. f4 Rf5
54. Rg7 Rh5 55. Rg3 Rf5 56. Rg5 Rf7 1/2-1/2

[Event "2024 North Island Championships"]
[Site "Wellington NZL"]
[Date "2024.03.30"]
[Round "4.12"]
[White "Ashton, Matthew"]
[Black "Sethuramalingam, Karthik"]
[Result "1/2-1/2"]
[WhiteElo "1837"]
[BlackElo "1672"]

1. e4 c6 2. d4 d5 3. Nc3 dxe4 4. Nxe4 Nf6 5. Nxf6+ exf6 6. Nf3 Bd6 7. Bd3 O-O
8. O-O Re8 9. c3 Bg4 10. Bd2 Nd7 11. h3 Bh5 12. Be2 Nf8 13. Re1 Bc7 14. Nh4 Qd6
15. g3 Bxe2 16. Rxe2 Qd7 17. Kh2 Ne6 18. Nf3 c5 19. dxc5 Nxc5 20. Be3 Qf5 21.
Bxc5 Qxc5 22. Qe1 Kf8 23. a3 Qc4 24. Nd4 Be5 25. Re4 Qd5 26. f3 Bxd4 27. cxd4
f5 28. Qb4+ Kg8 29. Rxe8+ Rxe8 30. Re1 Rxe1 31. Qxe1 g6 32. Qe3 Qb5 33. b4
1/2-1/2

[Event "2024 North Island Championships"]
[Site "Wellington NZL"]
[Date "2024.03.30"]
[Round "4.13"]
[White "Ashe, Michael"]
[Black "Steele, Hayden"]
[Result "0-1"]
[WhiteElo "1678"]
[BlackElo "1812"]
[WhiteFideId "4310462"]
[BlackFideId "4319176"]
[PlyCount "0"]
[EventDate "2024.03.29"]
[SourceDate ""]

1. d4 Nf6 2. c4 g6 3. f3 d5 4. cxd5 Nxd5 5. e4 Nb6 6. Nc3 Bg7 7. Be3 Nc6 8. Bb5
O-O 9. Bxc6 bxc6 10. Nge2 a5 11. O-O Kh8 12. b3 f5 13. e5 Nd5 14. Nxd5 cxd5 15.
Rc1 Ba6 16. f4 Qd7 17. Rf2 a4 18. Nc3 axb3 19. axb3 Rfb8 20. Na4 Qb5 21. Nc5
Bc8 22. Rb2 e6 23. Ra1 Bf8 24. Rba2 Rxa2 25. Rxa2 Bd7 26. Kf2 Bxc5 27. dxc5 Bc6
28. Ra7 Ra8 29. Rxc7 Ra2+ 30. Kg1 d4 31. Bd2 Qd3 32. Qe1 Rxd2 33. Rxh7+ Kg8 34.
Rh8+ Kf7 35. Rh7+ Ke8 36. Rh8+ Kd7 37. Rh7+ Kc8 38. Rh8+ Kc7 39. Rh7+ Bd7 40.
Qh4 Qb1+ 0-1

[Event "2024 North Island Championships"]
[Site "Wellington NZL"]
[Date "2024.03.30"]
[Round "4.14"]
[White "Thurner, Anya"]
[Black "Joseph, Joji Chacko"]
[Result "1-0"]
[WhiteElo "1809"]
[BlackElo "1554"]

1. e4 c6 2. d4 d5 3. Nc3 dxe4 4. Nxe4 Nf6 5. Nxf6+ exf6 6. c3 Bd6 7. Bd3 O-O 8.
Qc2 g6 9. Ne2 Qc7 10. Bh6 Re8 11. O-O-O Be6 12. h4 Nd7 13. h5 Nf8 14. hxg6 fxg6
15. Rh4 Bf7 16. Bxf8 Rxf8 17. Rdh1 Be8 18. Qd2 h5 19. Bc4+ Bf7 20. Bxf7+ Qxf7
21. g4 Qg7 22. gxh5 g5 23. h6 Qh7 24. Rh5 Kf7 25. d5 Rac8 26. dxc6 Rxc6 27.
Qd5+ Ke7 28. Re1 Be5 29. Nd4 Rb6 30. f4 Rd8 31. Qc5+ Ke8 32. fxe5 Rxd4 33. Qxd4
Re6 34. Rd1 Rxe5 35. Qd8+ Kf7 36. Rd7+ 1-0

[Event "2024 North Island Championships"]
[Site "Wellington NZL"]
[Date "2024.03.30"]
[Round "4.15"]
[White "Cui, Oscar"]
[Black "Ha, Timothy Huy Minh"]
[Result "0-1"]
[WhiteElo "1663"]
[BlackElo "1808"]
[EventDate "2024.03.30"]
[PlyCount "60"]

1. e4 e5 2. Nc3 Nf6 3. f4 d5 4. fxe5 Nxe4 5. Qf3 f5 6. exf6 Nxf6 7. d4 Bg4 8.
Qg3 Bd6 9. Bf4 Bxf4 10. Qxf4 O-O 11. Be2 Bxe2 12. Ngxe2 Ne4 13. Qe3 Nxc3 14.
Qxc3 Re8 15. Rf1 Qh4+ 16. g3 Qh5 17. Rf2 Nc6 18. Qd2 Re4 19. O-O-O Rae8 20. Nf4
Qg5 21. c3 Qd8 22. Rdf1 Na5 23. b3 Qd6 24. Kb2 Qb6 25. Kc2 Qd6 26. Nd3 Qg6 27.
Ne5 R4xe5+ 28. Kb2 R5e7 29. Ka1 Qa6 30. Kb2 Re2 0-1

[Event "2024 North Island Championships"]
[Site "Wellington NZL"]
[Date "2024.03.30"]
[Round "4.22"]
[White "Hampshire, Thomas"]
[Black "Keith, Matthew"]
[Result "0-1"]
[WhiteElo "1640"]
[BlackElo "1791"]
[WhiteFideId "4320883"]
[BlackFideId "4320913"]
[PlyCount "0"]
[EventDate "2024.03.29"]
[SourceDate ""]

1. e4 c5 2. Nf3 d6 3. d4 cxd4 4. Nxd4 Nf6 5. Nc3 a6 6. Bc4 e6 7. Bb3 b5 8. Qf3
Bb7 9. a3 Nbd7 10. Be3 Nc5 11. O-O-O Be7 12. Qg3 Nxb3+ 13. cxb3 Nxe4 14. Nxe4
Bxe4 15. f3 Bg6 16. h4 e5 17. Nc2 Rc8 18. Rd2 Qc7 19. Qf2 d5 20. h5 Bf5 21. g4
Bxc2 22. Rxc2 Qxc2+ 23. Qxc2 Rxc2+ 24. Kxc2 Kd7 25. Rc1 Rc8+ 26. Kd3 Rxc1 27.
Bxc1 Ke6 28. f4 e4+ 29. Kc3 Bc5 30. b4 Bb6 31. b3 g6 32. hxg6 fxg6 33. a4 h5
34. gxh5 gxh5 35. Kd2 Kf5 36. Ke2 0-1

[Event "2024 North Island Championships"]
[Site "Wellington NZL"]
[Date "2024.03.30"]
[Round "4.23"]
[White "Mayer, Uri"]
[Black "Coates, Alex"]
[Result "0-1"]
[WhiteElo "1571"]
[BlackElo "1721"]
[PlyCount "33"]
[EventDate "2024.03.29"]

1. e4 e6 2. d4 d5 3. Nc3 Nf6 4. exd5 exd5 5. Bg5 c6 6. Nf3 Bd6 7. Bd3 O-O 8.
Qd2 Re8+ 9. Ne2 Bg4 10. O-O-O Nbd7 11. a3 Be6 12. h4 c5 13. h5 c4 14. Bxh7+
Kxh7 15. h6 g6 16. Nf4 Rc8 17. Bh4 0-1

[Event "2024 North Island Championships"]
[Site "Wellington NZL"]
[Date "2024.03.30"]
[Round "4.25"]
[White "Lau, Great Boyou"]
[Black "Xu, Jeremy Xi"]
[Result "1/2-1/2"]
[WhiteElo "1653"]
[BlackElo "1549"]
[WhiteFideId "4317050"]
[BlackFideId "4319877"]
[PlyCount "0"]
[EventDate "2024.03.29"]
[SourceDate ""]

1. e4 b6 2. d4 Bb7 3. Nc3 e6 4. Bd3 Nf6 5. Be3 Bb4 6. Qf3 Bxc3+ 7. bxc3 d6 8.
Ne2 Nbd7 9. Ng3 c5 10. O-O Rc8 11. c4 cxd4 12. Bxd4 Nc5 13. Bxc5 Rxc5 14. Rfe1
Ba6 15. Qe2 Qc7 16. Rad1 Bxc4 17. Bxc4 Rxc4 18. Rd2 O-O 19. Rxd6 Rxc2 20. Rd2
Rc8 21. Rxc2 Qxc2 22. Qa6 Qc7 23. e5 Nd5 24. Ne4 Rd8 25. Nd6 Ne7 26. Nb5 Qc4
27. Qxa7 Qxb5 28. Qxe7 Qd7 29. Qxd7 Rxd7 30. g3 Kf8 31. Rb1 Rd2 32. Rxb6 Rxa2
33. Rb8+ Ke7 34. Rb7+ Ke8 35. Rb8+ Ke7 36. Rg8 g6 37. Rh8 h5 38. Rb8 Ra5 39.
Rb7+ Ke8 40. f4 Ra1+ 41. Kg2 Ra2+ 42. Kh3 Re2 43. Rb8+ Ke7 44. Rb7+ Ke8 45. Ra7
Kf8 46. Ra8+ Ke7 47. Ra7+ Kf8 48. Ra8+ Ke7 49. Ra7+ Kf8 50. Ra8+ Ke7 1/2-1/2

[Event "2024 North Island Championships"]
[Site "Wellington NZL"]
[Date "2024.03.30"]
[Round "4.27"]
[White "Gong, Jie"]
[Black "Fisher, Calexico"]
[Result "1/2-1/2"]
[WhiteElo "1723"]
[BlackElo "1385"]
[WhiteFideId "4307275"]
[BlackFideId "0"]
[PlyCount "0"]
[EventDate "2024.03.29"]
[SourceDate ""]

1. d4 g6 2. Nf3 Bg7 3. Bf4 Nf6 4. e3 d6 5. Be2 O-O 6. h3 Nbd7 7. O-O Re8 8. Bg3
c6 9. Nbd2 Qb6 10. Nc4 Qc7 11. Rc1 Ne4 12. Bh2 b5 13. Ncd2 Nxd2 14. Qxd2 Bb7
15. c4 bxc4 16. Bxc4 Qb6 17. a4 c5 18. a5 Qc7 19. d5 Rab8 20. b3 Nf6 21. Qd3
Qxa5 22. e4 Nd7 23. Rfe1 Qc7 24. Bb5 a6 25. Ba4 f6 26. b4 Red8 27. Bxd7 Qxd7
28. bxc5 Qb5 29. Qxb5 axb5 30. c6 Bxc6 31. dxc6 Rdc8 32. Nd4 b4 33. c7 Rb7 34.
Ne6 Bh6 35. Rb1 b3 36. Re2 Ra7 37. Reb2 Kf7 38. Nd8+ Ke8 39. Rxb3 Raxc7 40. f4
Kxd8 41. Rd1 Rc1 42. Rxc1 Rxc1+ 43. Kf2 Rc4 44. Kf3 Bg7 45. Rb8+ Rc8 46. Rb7
Rc3+ 47. Ke2 g5 48. fxg5 fxg5 49. Bxd6 Bf8 1/2-1/2

[Event "2024 North Island Championships"]
[Site "Wellington NZL"]
[Date "2024.03.30"]
[Round "4.29"]
[White "He, Zachary"]
[Black "Qu, Lucas"]
[Result "0-1"]
[WhiteElo "1276"]
[BlackElo "1633"]
[PlyCount "58"]
[EventDate "2024.03.29"]

1. e4 e5 2. Nc3 Nf6 3. f4 d6 4. Nf3 Nc6 5. Bb5 Bg4 6. h3 Bxf3 7. Qxf3 Qd7 8.
fxe5 dxe5 9. Nd5 Qd6 10. d4 O-O-O 11. Bxc6 Qxc6 12. dxe5 Nxd5 13. exd5 Qxd5 14.
Bf4 Qxf3 15. gxf3 Bc5 16. Ke2 Rhe8 17. Rad1 Bd4 18. c3 Bxe5 19. Rxd8+ Kxd8 20.
Rd1+ Kc8 21. Bxe5 Rxe5+ 22. Kd3 Rh5 23. Rh1 Kd7 24. Ke4 Ke6 25. Rg1 g6 26. Rg3
Ra5 27. f4 Rxa2 28. Re3 Rxb2 29. Kd4+ Kf6 0-1

[Event "2024 North Island Championships"]
[Site "Wellington NZL"]
[Date "2024.03.30"]
[Round "4.30"]
[White "Li, Olivia"]
[Black "Zhang, Daniel"]
[Result "1-0"]
[WhiteElo "1595"]
[BlackElo "1170"]
[WhiteFideId "4317009"]
[BlackFideId "4317912"]
[PlyCount "0"]
[EventDate "2024.03.29"]
[SourceDate ""]

1. e4 e5 2. Nf3 Nc6 3. Bb5 Nf6 4. d3 h6 5. Bxc6 dxc6 6. Nxe5 Bc5 7. Nf3 O-O 8.
d4 Bb6 9. e5 Re8 10. O-O Nd7 11. Be3 c5 12. c3 cxd4 13. cxd4 Nf8 14. h3 Ne6 15.
Nc3 c5 16. dxc5 Qxd1 17. Raxd1 Nxc5 18. Nd5 Nd7 19. Bxb6 Nxb6 20. Nc7 Rf8 21.
Nxa8 Nxa8 22. Rd2 Re8 23. Rfd1 Nc7 24. Rd8 Kf8 25. Rxe8+ Kxe8 26. Nd4 g6 27. g4
Nd5 28. Nb5 Nf4 29. Nd6+ Kd8 30. Nxf7+ Ke7 31. Nxh6 Nxh3+ 32. Kg2 Nf4+ 33. Kf3
Ne6 34. Rc1 Bd7 35. Ng8+ Kf7 36. Nf6 Bc6+ 37. Ke3 Nc7 38. f3 Ke6 39. f4 Nb5 40.
Rxc6+ bxc6 41. Ke4 Nc7 42. f5+ gxf5+ 43. gxf5+ Kf7 44. Kd4 Na6 45. a3 Ke7 46.
Ne4 Kf7 47. Nd6+ Ke7 48. Nc8+ Kd7 49. Nxa7 Nc7 50. e6+ Kd6 51. Nc8# 1-0

[Event "2024 North Island Championships"]
[Site "Wellington NZL"]
[Date "2024.03.30"]
[Round "4.32"]
[White "Xia, Jonathan"]
[Black "Barry, Jacob"]
[Result "0-1"]
[WhiteElo "799"]
[BlackElo "1582"]
[Annotator "gordo"]
[PlyCount "30"]
[EventDate "2024.03.29"]

1. e4 e5 2. Nf3 Nc6 3. d4 exd4 4. Nxd4 Nf6 5. Nc3 Bb4 6. Nxc6 bxc6 7. Bd3 d5 8.
e5 Qe7 9. O-O Nd7 10. Bf4 O-O 11. Re1 Nc5 12. Qh5 Nxd3 13. cxd3 Re8 14. Re3 Rb8
15. Rg3 g6 {Black won in 47 moves} 0-1

[Event "2024 North Island Championships"]
[Site "Wellington NZL"]
[Date "2024.03.30"]
[Round "4.33"]
[White "Miriyala, Sreenikesh"]
[Black "Tan, Jin"]
[Result "0-1"]
[WhiteElo "745"]
[BlackElo "1567"]
[WhiteFideId "4325532"]
[BlackFideId "4320972"]
[PlyCount "0"]
[EventDate "2024.03.29"]
[SourceDate ""]

1. e4 e5 2. Nc3 Nc6 3. Bc4 Nf6 4. d3 Bb4 5. Bd2 d6 6. a3 Ba5 7. b4 Bb6 8. f4
exf4 9. Bxf4 Bd4 10. Qd2 Bd7 11. Nf3 Bb6 12. Ne2 Bg4 13. Nfg1 a5 14. b5 Nd4 15.
Nxd4 Bxd4 16. c3 Bxg1 17. Rxg1 h6 18. h3 Bd7 19. Kd1 O-O 20. Kc2 Qe7 21. Rge1
c6 22. e5 dxe5 23. bxc6 Bxc6 24. Rxe5 Qd7 25. Rae1 Rfe8 26. Rxe8+ Rxe8 27.
Rxe8+ Qxe8 28. Qe3 Qxe3 29. Bxe3 Bxg2 30. h4 Kf8 31. Bb6 a4 32. Bc5+ Ke8 33.
Bb5+ Bc6 34. Bxc6+ bxc6 35. c4 Nd7 36. Bd4 g5 37. hxg5 hxg5 38. Kc3 c5 39. Bg1
Ke7 40. d4 Kd6 41. Be3 g4 42. Bf4+ Ke6 43. dxc5 Nxc5 44. Kd4 Kf5 45. Be3 Ne6+
46. Kd5 g3 47. c5 Nxc5 48. Bxc5 Kg4 49. Kc4 f5 50. Kb4 f4 51. Kxa4 f3 52. Kb3
f2 53. a4 f1=Q 54. a5 Qb5+ 55. Bb4 g2 56. Ka3 g1=Q 57. a6 Qxa6+ 58. Kb3 Qb1+
59. Kc3 Qxb4+ 60. Kxb4 Qc6 61. Kb3 Qc5 62. Kb2 Qc4 63. Kb1 Qc3 64. Ka2 Qb4 65.
Ka1 Kf3 66. Ka2 Ke2 67. Ka1 Kd2 68. Ka2 Kc2 69. Ka1 Qb2# 0-1